| 000 | 01083cam a2200337 i 4500 | ||
|---|---|---|---|
| 999 |
_c200442499 _d60711 |
||
| 001 | 200442499 | ||
| 003 | TR-AnTOB | ||
| 005 | 20220603145142.0 | ||
| 007 | ta | ||
| 008 | 160201s1968 tu 000 0 tur d | ||
| 010 | _a 75222668 | ||
| 035 | _a(OCoLC)3275958 | ||
| 035 | _a(TR-AnTOB)200442499 | ||
| 040 |
_aDLC _beng _erda _cDLC _dSULEY _dTR-AnTOB |
||
| 041 | 0 | _atur | |
| 050 | 0 | 0 |
_aKKX1279 _b.R45 1968 |
| 090 |
_aKKX1279 _b.R45 1968 |
||
| 100 | 1 |
_aReisoğlu, Seza _eauthor _957996 |
|
| 245 | 1 | 0 |
_aHizmet akdi : _bmahiyeti-unsurları-hükümleri / _cDr. Seza Reisoğlu. |
| 264 | 1 |
_aAnkara : _bAnkara Üniversitesi Hukuk Fakültesi, _c1968. |
|
| 300 |
_a218 pages ; _c24 cm |
||
| 336 |
_atext _btxt _2rdacontent |
||
| 337 |
_aunmediated _bn _2rdamedia |
||
| 338 |
_avolume _bnc _2rdacarrier |
||
| 490 | 0 |
_aAnkara Üniversitesi Hukuk Fakültesi yayınları ; _vno. 237. |
|
| 650 | 7 |
_aİş sözleşmesi _zTürkiye _2etuturkob _958043 |
|
| 710 | 2 |
_aAnkara Üniversitesi. _bHukuk Fakültesi _977155 |
|
| 942 |
_2lcc _cBK |
||